000 00250nam a2200097Ia 4500
005 20251222154305.0
008 251222s9999||||xx |||||||||||||| ||spa||
082 _aREF.985.008/C76/T.XXIV/V.III
245 0 _a"Memorias, diarios y crónicas"
942 _cLIB
999 _c33191
_d33191